000 01067nam a2200493Ia 4500
001 12127
003 23691
005 20241210065132.0
008 ||||||n9999 ||| || ||
041 _aspa
082 _219
_a980.1
100 _aFriede, Juan
_919589
245 0 _aBartolome de las casas, precursor del anticolonialismo
_bsu lucha y su derrota
250 _a2ed
260 _aMéxico :
_bSiglo Veintiuno Editores,
_c1976.
300 _a310p
490 _aHistoria
562 _e1
650 0 _aAmérica
_91825
650 _aCOLONIALISMO
_92802
650 _aHISTORIA
_920148
942 _cBKM
942 _cBKM
999 _c12127
_d12127
526 _a
526 _a17598
526 _a102617
526 _a102618
526 _a15794
526 _a102619
526 _a1703
526 _a102620
526 _a10406
526 _a105630
526 _a1698
526 _a116204
526 _a51868
526 _a4969
526 _a19790
526 _a104436
526 _a5144
526 _a1697
526 _a3899
526 _a9683